00421nam a2200145Ia 4500008004100000100002400041245004900065260000900114300001300123504001100136650001400147650003900161650004000200773003500240181130s2018 xx 000 0 und d aWouters, Jelle J.P. aGenealogies of Nagaland's 'tribal democracy' c2018 ap.41-47. d16-Jun aDemocracy aGovernment and Politics - Nagaland aTribes and tribal system - Nagaland aEconomic and Political Weekly